000 00923cam a2200253 4500
001 WB3547-40
008 000000n1999 000 0 eng u
035 _a(Sirsi) u103018
245 _aForced farm sales likely to determine land values
260 _c1999
490 _aFarmers Guardian
_v26 November 1999, 11(1)
520 _aCarter Jonas predict that future agricultural land values are likely to be determined by the amount of forced farm sales that have to be made. Reviews other aspects of Carter Jonas' survey of the agricultural market.
590 _aWB
650 _aCARTER JONAS
650 _aAGRICULTURAL MARKET
650 _aAGRICULTURAL LAND VALUES
650 _aPROPERTY-RURAL AND NATURAL ASSETS-AGRICULTURAL PROPERTY-AGRICULTURAL LAND
650 _aFARMLAND VALUES
650 _aFARMLAND
650 _aAGRICULTURAL RENTS
650 _aFARM RENTS
690 _aRURAL PRACTICE
942 _n0
999 _c61903
_d61903